|
|
|
|
| LEADER |
00000cam a2200000 i 4500 |
| 001 |
1/83273 |
| 008 |
050808q19601970gr | ||| |||| ||gre|| |
| 035 |
|
|
|l 10079731
|
| 040 |
|
|
|a GR-MyUa
|b gre
|e AACR2
|
| 041 |
1 |
|
|a gre
|h eng
|
| 082 |
7 |
|
|a 813.52
|2 (22)
|
| 100 |
1 |
|
|a Douglas, Lloyd G.
|q (Lloyd Cassel),
|d 1877-1951.
|
| 245 |
1 |
2 |
|a Ο χιτών /
|c Λ. Ντάγκλας ; μετάφραση: Πολ. Βοβολίνη, Δημ. Κωστελένου.
|
| 260 |
|
|
|a Αθήναι :
|b Ε,
|c [μεταξύ 1960 κα 1970]
|
| 300 |
|
|
|a 406 σ. ;
|c 25 εκ.
|
| 500 |
|
|
|a Τίτλος πρωτοτύπου: The robe.
|
| 600 |
0 |
7 |
|2 nlgaf
|a Ιησούς Χριστός
|v Fiction.
|
| 650 |
|
0 |
|a Holy Coat
|v Fiction.
|
| 650 |
|
0 |
|a American fiction
|y 20th century.
|
| 655 |
|
4 |
|a Historical fiction.
|
| 852 |
|
|
|a INST
|b RHODES
|c KRI
|e 20050808
|h 813.52 DOU
|p 005400022577
|q 005400022577
|t BK
|y 0
|
| 901 |
|
|
|a BIBL4-2005-2
|
| 970 |
|
|
|a Κόζα
|b Μαρία
|z 04/08/2005
|